000 00537nam a22001697a 4500
001 45635
003 BD-DhUET
008 260329b xxu||||| |||| 00| 0 eng d
040 _c0
_dBD-DhUET
100 _a Shaha, Shaswata
245 _aPixel binning for convolutional neural network to accelerate training convergence in image classification
260 _aDhaka
_bDepartment of Computer Science and Engineering, BUET
_c2023
300 _aix, 78p.
501 _aOne CD-ROM
504 _aIncludes bibliographies
942 _cTH
999 _c45635
_d45635